00572 2200253 4500001002100000008004100021035002000062245007500082100002500157110000600182250000600188260002800194300001200222020000600234022000600240024000600246084001000252520000600262082000800268650001100276863001300287990000900300990000900309INLIS000000000000187 ind  a0010-0919000007 aDari Sunyi Ke BunyibKumpulan Esai Tentang PuisicHartodjo Andangdjaja aHartodjo Andangdjaja a0 a1 aJakartabGramediac1999 a0c21cm a0 a0 a0 aSIN a a0 a800 aSastra a02-03-09 a1188 a1188